Money into property 2009 (Record no. 109769)

MARC details
000 -LEADER
fixed length control field 01120cad a22002175a 4500
001 - CONTROL NUMBER
control field E147893
008 - FIXED-LENGTH DATA ELEMENTS--GENERAL INFORMATION
fixed length control field 090626s2009 xxkd f 000 0 eng d
035 ## - SYSTEM CONTROL NUMBER
System control number (Sirsi) u147893
041 0# - LANGUAGE CODE
Language code of text/sound track or separate title eng
050 04 - LIBRARY OF CONGRESS CALL NUMBER
Classification number 332.6324 $2 18
110 2# - MAIN ENTRY--CORPORATE NAME
Corporate name or jurisdiction name as entry element DTZ Research
9 (RLIN) 3886
245 00 - TITLE STATEMENT
Title Money into property 2009
Medium [electronic resource]
260 ## - PUBLICATION, DISTRIBUTION, ETC.
Place of publication, distribution, etc. London
Name of publisher, distributor, etc. DTZ Research
Date of publication, distribution, etc. 2009
520 ## - SUMMARY, ETC.
Summary, etc. Reports that numbers of transactions have fallen for six quarters in a row, and now stand at levels not seen since 2003, when the report first began tracking them. Similarly, cross-border investment flows fell by 58% globally, the first annual fall since they were first tracked in 2003. Predicts that the market will remain subdued, with lender and investor sentiment bearish and total returns expected to be at around -20% this year. Tables and charts.
521 ## - TARGET AUDIENCE NOTE
Target audience note Advanced
590 ## - LOCAL NOTE (RLIN)
Local note KA NTK
651 #4 - SUBJECT ADDED ENTRY--GEOGRAPHIC NAME
Geographic name International
690 ## - LOCAL SUBJECT ADDED ENTRY--TOPICAL TERM (OCLC, RLIN)
Topical term or geographic name as entry element PROPERTY-COMMERCIAL PROPERTY-COMMERCIAL PROPERTY FINANCE AND INVESTMENT
856 40 - ELECTRONIC LOCATION AND ACCESS
Uniform Resource Identifier <a href="https://www.dtz.com">https://www.dtz.com</a>
Public note View the report free of charge (requires registration) at www.dtz.com...
942 ## - ADDED ENTRY ELEMENTS (KOHA)
Suppress in OPAC 0
Holdings
Withdrawn status Lost status Source of classification or shelving scheme Damaged status Not for loan Home library Current library Shelving location Date acquired Total Checkouts Full call number Barcode Date last seen Copy number Price effective from Koha item type
    Dewey Decimal Classification     Virtual Virtual Online 26/06/2009   ONLINE PUBLICATION 147893-2001 06/08/2019 1 06/08/2019 Book